000 00916nas a2200313 4500
001 BR2013006718
003 BR-BrBNA
005 20231205122848.0
007 ta
008 230509b bl.|||p| |||| 00| 00por d
040 _aBR-BrBNA
_bpor
_cBiblioteca Nacional de Agricultura
041 _a(Pt)
072 _aF02; F62
100 1 _aBlum, C.T.
100 1 _aConstantino, V.
100 1 _aSouza, K.K.F. de
100 1 _aNogueira, A.C.
245 1 _aPropagação de Cestrum corymbosum por sementes e estaquia
650 _aPLANTA ORNAMENTAL
650 _aSEMENTE
650 _aGERMINAÇÃO
650 _aENRAIZAMENTO DE ESTACA
650 _aPROPAGAÇÃO VEGETATIVA
650 _aÁCIDO INDOLBUTÍRICO
650 _aCRESCIMENTO
773 0 _tFloresta (Brazil)
_xISSN 0015-3826
_g(Jan-Mar 2013), v. 43(1) p. 137-144
_wBR2013006718
909 _a202311
_bLúcia
_c55
_dLúcia Elande
942 _2AGRIS
_n0
_cANA
999 _c230971
_d230971